| 000 | 00442nam a22001697a 4500 | ||
|---|---|---|---|
| 003 | OSt | ||
| 005 | 20220208095840.0 | ||
| 008 | 220208b |||||||| |||| 00| 0 eng d | ||
| 020 | _a0314043551 | ||
| 040 | _cHU | ||
| 082 | _a658.4'038 | ||
| 100 |
_aDAVIS, S,WILLIAM _929882 |
||
| 245 | _aManagement,infirmation, ANINNNTRODUCTION TO BUSINESS INFORMATION SYSTEM | ||
| 260 |
_aNEW YORK _bLONDON _c1995 |
||
| 300 | _a458 | ||
| 942 |
_2ddc _cBOOKS _n0 |
||
| 999 |
_c29473 _d29473 |
||